Guess the Element with Clues - Statistics

General Stats
  • This quiz has been taken 20 times
  • The average score is 18 of 32
Answer Stats
Hint Answer % Correct
Argentina means Made of ______ Silver
100%
This element is known to be what pennies are "made of" despite pennies being made of only 2.5% of this Copper
88%
Combines with the above to make water. Hydrogen
88%
Liquid metal that used to be used in thermometers Mercury
88%
Most know as an element that we breath. Oxygen
88%
Used for foil, And is also said differently between american and british english. Aluminum
81%
Known to increase your voices pitch when inhaled. Helium
81%
Commonly used in batteries, Also catches on fire when it comes in contact with water. Lithium
81%
A well known poison, Also used to be used in some paints. Arsenic
75%
This element appears most in the air. Nitrogen
75%
Element discovered by Marie Curie which is also named after her birth place. Polonium
75%
Used in salt and is an Alkaline Metal. Sodium
75%
Also used in salt with the above. Chlorine
69%
Named after the color indigo, Also is soft enough to chew. Indium
69%
A famously Radioactive element that is sometimes yellow. Uranium
69%
The last noble gas that isnt radioactive. Xenon
69%
The newest element discovered. Tennessine
63%
What the other 97.5% is made of Zinc
63%
After the above on the periodic table Beryllium
56%
Has the chemical symbol Sb. Antimony
50%
The longest element name on the periodic table. Rutherfordium
50%
The most dense element. Osmium
44%
The element after the above. Iridium
38%
The final element on the periodic table Oganesson
38%
Used to be used as a paint for watch hands which is also radioactive making the ______ Girls. Radium
38%
A metal with a very low melting point of 85.58°F (29.76°C) Gallium
31%
After the above on the periodic table. Tin
31%
This element comes from a word in german that means "Devil's Copper" Nickel
19%
The first synthetically made element Technetium
19%
The rarest element that appears naturally in the crust, Also radioactive. Astatine
13%
Used to be named Virginium. Francium
6%
Has a similar name to a education company that makes Smart Boards. Promethium
6%
No matching quizzes found
Score Distribution
Percent of People with Each Score
Percentile by Number Answered
Your Score History
You have not taken this quiz